The Oxford-Duden pictorial Italian and English dictionary

Salvato in:
Dettagli Bibliografici
Natura: Libro
Lingua:Undetermined
Pubblicazione: Oxford Oxford Univ 1995
Soggetti:
Tags: Aggiungi Tag
Nessun Tag, puoi essere il primo ad aggiungerne! !
Thư viện lưu trữ: Trung tâm Học liệu Trường Đại học Cần Thơ
LEADER 00507nam a2200169Ia 4500
001 CTU_35437
008 210402s9999 xx 000 0 und d
020 |b 581.000đ 
082 |a 423 
082 |b O.98i 
245 4 |a The Oxford-Duden pictorial Italian and English dictionary 
260 |a Oxford 
260 |b Oxford Univ 
260 |c 1995 
650 |a english language - dictionaries,italian language - dictionaries 
904 |i Minh, 000229 
980 |a Trung tâm Học liệu Trường Đại học Cần Thơ